000 01001nam a2200229Ia 4500
003 Ost
005 20260507075639.0
008 260507s9999||||xx |||||||||||||| ||und||
020 _a9775723175
040 _cfsecg
041 _aara
082 _a350
100 _aالحضيري، محسن أحمد
_eمؤلف
245 0 _aالإدارة التنافسية للوقت :
_bالمنظومة المتكاملة لامتلاك المزايا التنافسية الشاملة في عصر العولمة وما بعد الجات /
_c محسن أحمد الحضيري
260 _aمصر:
_bايتراك للنشر والتوزيع,
_c2000
300 _a228 صفحة؛
_bإيضاحات ؛
_c24 سم
520 _aيتناول هذا الكتاب إدارة الوقت والإدرة التنافسية للوقت في عصر العولمة والألفية الثالثة
653 _aإدارة الوقت
653 _aالإرهاق الزمني
653 _aالوقت
942 _cكتاب
999 _c45363
_d45363